Countries With The Highest Precipitation - Statistics

General Stats
  • This quiz has been taken 37 times
  • The average score is 11 of 20
Answer Stats
millimeters (mm) Country % Correct
2702 Indonesia
100%
2875 Malaysia
85%
2348 Philippines
79%
2928 Panama
76%
2497 Singapore
76%
2926 Costa Rica
74%
3142 Papua New Guinea
74%
2722 Brunei
71%
3240 Colombia
68%
2666 Bangladesh
56%
2387 Guyana
56%
2331 Suriname
53%
3028 Solomon Islands
50%
3200 São Tomé and Príncipe
44%
2592 Fiji
38%
2391 Liberia
35%
2330 Seychelles
35%
2526 Sierra Leone
35%
2301 Saint Lucia
15%
2350 Grenada
12%
No matching quizzes found
Score Distribution
Percent of People with Each Score
Percentile by Number Answered
Your Score History
You have not taken this quiz